Manual del productor/a en buenas prácticas ganaderas

Bibliographic Details
Main Authors: Joyanes Aguilar, Luis, Rodríguez Baemar, Luis, Fernández Azuela, Matilde.
Format: Section = Libro
Language:Undetermined
Spanish
Published: México México 2003
Edition:2a.ed
Subjects:
LEADER 00701nam a2200241Ia 4500
008 240830s9999 xx 000 0 und d
020 |a 84-481-3986-0 
040 |a B-ESTELÍ- RUACS / Ref 665.776 M385m 
041 |a spa 
082 |a Ref 665.776 M385m 
100 1 |a Joyanes Aguilar, Luis  
100 1 |b  Rodríguez Baemar, Luis  
100 1 |c  Fernández Azuela, Matilde. 
245 1 0 |a Manual del productor/a en buenas prácticas ganaderas 
250 |a 2a.ed 
260 |a México  |b México  |c 2003 
300 |a 433 p. :il 
650 7 |a LENGUAJES DE PROGRAMACION 
650 7 |b  ALGORITMOS 
650 7 |c  PROGRMAS Y PROGRAMACION DE COMPUTADORAS 
942 |c BK  |2 ddc 
991 |a TEXTO 
999 |c 11763